[Event "Lindores Abbey Tal Mem"]
[Site "Riga LAT"]
[Date "2021.11.08"]
[Round "14.7"]
[White "Daniil Dubov"]
[Black "Samuel Sevian"]
[Result "1-0"]
[EventDate "?"]
[WhiteElo "2714"]
[BlackElo "2668"]
[PlyCount "92"]

1. d4 g6 2. e4 c6 3. Nf3 d5 4. exd5 cxd5 5. Bd3 Bg7 6. O-O Nc6 7. c3 Bf5 8. Re1 Bxd3 9. Qxd3 Nf6 10. Bf4 O-O 11. Nbd2 Re8 12. h3 Qb6 13. Rab1 Nd7 14. Nf1 Rad8 15. Ne3 e5 16. Nxd5 Qa5 17. dxe5 Ndxe5 18. Nxe5 Bxe5 19. Rbd1 Kg7 20. Bxe5+ Rxe5 21. Rxe5 Nxe5 22. Qe4 Nc6 23. a3 Qc5 24. b4 Qf8 25. c4 Re8 26. Qf3 Re5 27. Qc3 f6 28. Ne3 Qe8 29. Rd5 Re6 30. b5 Ne5 31. Qd4 b6 32. a4 Qe7 33. c5 bxc5 34. Qxc5 Qxc5 35. Rxc5 Re7 36. a5 Kf7 37. Kf1 Ke6 38. Ke2 Rb7 39. f4 Nf7 40. Rc6+ Kd7 41. Rxf6 Nd6 42. b6 axb6 43. a6 Ra7 44. Nc4 Nc8 45. Nxb6+ Nxb6 46. Rf7+ 1-0

[Event "36th ECC Open 2021"]
[Site "Struga MKD"]
[Date "2021.09.24"]
[Round "7.3"]
[White "Vugar Asadli"]
[Black "Daniil Dubov"]
[Result "1/2-1/2"]
[EventDate "2021.09.18"]
[WhiteElo "2578"]
[BlackElo "2714"]
[PlyCount "62"]

1. e4 c5 2. Nf3 Nc6 3. d4 cxd4 4. Nxd4 Nf6 5. Nc3 e5 6. Ndb5 d6 7. Bg5 a6 8. Na3 b5 9. Nd5 Be7 10. Bxf6 Bxf6 11. c3 Bg5 12. Nc2 O-O 13. a4 bxa4 14. Rxa4 Kh8 15. Be2 f5 16. exf5 Bxf5 17. Nce3 Be6 18. Bg4 Bg8 19. Bf3 Rb8 20. Rxa6 Qc8 21. Qa4 Bxd5 22. Nxd5 Nd4 23. cxd4 e4 24. Bd1 Bd2+ 25. Kxd2 Rxb2+ 26. Ke3 Qc1+ 27. Kxe4 Qb1+ 28. Ke3 Qc1+ 29. Ke4 Qb1+ 30. Ke3 Qc1+ 31. Ke4 1/2-1/2

[Event "36th ECC Open 2021"]
[Site "Struga MKD"]
[Date "2021.09.22"]
[Round "5.3"]
[White "Aryan Tari"]
[Black "Daniil Dubov"]
[Result "0-1"]
[EventDate "2021.09.18"]
[WhiteElo "2642"]
[BlackElo "2714"]
[PlyCount "88"]

1. e4 e5 2. Nf3 Nc6 3. Bb5 a6 4. Ba4 Nf6 5. O-O Bc5 6. c3 b5 7. Bc2 d5 8. d4 dxe4 9. Nxe5 Nxe5 10. dxc5 Bb7 11. Bg5 h6 12. Bxf6 Qxf6 13. Re1 Rd8 14. Qe2 O-O 15. Nd2 Nd3 16. Bxd3 exd3 17. Qe3 Rfe8 18. Qxe8+ Rxe8 19. Rxe8+ Kh7 20. Re3 Qg5 21. Nf3 Bxf3 22. Rxf3 Qd2 23. Rxf7 c6 24. Rd7 a5 25. h4 a4 26. h5 Qc2 27. Rd6 d2 28. Rf1 Qxb2 29. Rxc6 Qxa2 30. Rd6 Qc2 31. c6 Qxc3 32. Rd1 a3 33. R6xd2 Qxc6 34. Rd6 Qc2 35. R6d2 Qa4 36. Ra1 b4 37. Rda2 Kg8 38. g3 Kf7 39. Kh2 Kf6 40. f4 Qd7 41. Re2 Qd6 42. Kh3 b3 43. Re3 a2 44. f5 b2 0-1

[Event "36th ECC Open 2021"]
[Site "Struga MKD"]
[Date "2021.09.20"]
[Round "3.1"]
[White "Daniil Dubov"]
[Black "Nijat Abasov"]
[Result "0-1"]
[EventDate "2021.09.18"]
[WhiteElo "2714"]
[BlackElo "2652"]
[PlyCount "78"]

1. c4 Nf6 2. Nc3 e5 3. Nf3 Nc6 4. e4 Bb4 5. d3 d6 6. Be2 Bc5 7. O-O Bg4 8. Rb1 a6 9. b4 Ba7 10. Kh1 h6 11. h3 Bxf3 12. Bxf3 Nd4 13. g3 Nxf3 14. Qxf3 c6 15. a4 Qd7 16. Kg2 Qe6 17. Nd1 O-O 18. Ne3 Bxe3 19. Bxe3 b5 20. Rfc1 bxa4 21. Ra1 a5 22. b5 cxb5 23. cxb5 Rfb8 24. Rcb1 d5 25. Qd1 dxe4 26. dxe4 Nxe4 27. Qd3 Nd6 28. b6 Nc4 29. Qe4 f5 30. Qf3 e4 31. Qe2 Nxb6 32. Bxb6 Rxb6 33. Rxb6 Qxb6 34. Qc4+ Kh8 35. Qxa4 e3 36. fxe3 Qxe3 37. h4 Rd8 38. Qxa5 Rd2+ 39. Kh3 Qe2 0-1

[Event "36th ECC Open 2021"]
[Site "Struga MKD"]
[Date "2021.09.19"]
[Round "2.1"]
[White "Igor Miladinovic"]
[Black "Daniil Dubov"]
[Result "0-1"]
[EventDate "2021.09.18"]
[WhiteElo "2536"]
[BlackElo "2714"]
[PlyCount "142"]

1. d4 Nf6 2. Bg5 Ne4 3. Bf4 d5 4. e3 Bf5 5. Nd2 e6 6. Nxe4 Bxe4 7. c3 Nd7 8. Nf3 Be7 9. Bd3 h5 10. h3 Bxd3 11. Qxd3 c5 12. Ne5 O-O 13. Qe2 h4 14. g3 Nxe5 15. Bxe5 f6 16. Bf4 hxg3 17. Bxg3 Qa5 18. Rg1 Rf7 19. dxc5 Bxc5 20. a3 Qa4 21. Rd1 Re8 22. Qh5 Qc2 23. Rd2 Qe4 24. Bf4 e5 25. Bh6 Bf8 26. Rg6 d4 27. f3 Qb1+ 28. Kf2 dxc3 29. bxc3 Qc1 30. e4 Qxc3 31. Kg3 Rc8 32. Kh2 Qb3 33. Rdg2 Rc2 34. Bd2 Rxd2 35. Rxd2 Qe3 36. Rd8 Qxa3 37. Rg2 a5 38. Qf5 a4 39. Qe6 Qe7 40. Qd5 a3 41. Rc2 g6 42. Rcc8 Kg7 43. Rb8 Qc5 44. Qxc5 Bxc5 45. Rg8+ Kh6 46. Kg3 Rd7 47. h4 Kh7 48. Rgc8 Ba7 49. Rh8+ Kg7 50. Rbg8+ Kf7 51. Ra8 Bc5 52. Rhc8 Be7 53. Rcb8 Ke6 54. Rg8 Rd1 55. Kh3 b5 56. Rgb8 b4 57. Rb6+ Bd6 58. Rb7 f5 59. Ra6 fxe4 60. fxe4 Rd3+ 61. Kg4 b3 62. Kg5 b2 63. Kxg6 Rg3+ 64. Kh7 Rg1 65. h5 b1=Q 66. Rxb1 Rxb1 67. h6 Kf7 68. Ra7+ Be7 69. Ra5 Rc1 70. Kh8 Kg6 71. Ra4 0-1

[Event "Online Olympiad KO Stage 2021"]
[Site "chess.com INT"]
[Date "2021.09.15"]
[Round "3.1"]
[White "Jeffery Xiong"]
[Black "Daniil Dubov"]
[Result "1/2-1/2"]
[EventDate "?"]
[WhiteElo "2700"]
[BlackElo "2714"]
[PlyCount "92"]

1. Nf3 Nf6 2. c4 c5 3. Nc3 e6 4. g3 d5 5. cxd5 exd5 6. d4 Nc6 7. Bg2 cxd4 8. Nxd4 Bc5 9. Nxc6 bxc6 10. O-O O-O 11. Na4 Bb6 12. b3 Re8 13. Bb2 Qe7 14. e3 Ba6 15. Re1 Rad8 16. Rc1 Ba5 17. Bc3 Bxc3 18. Nxc3 h5 19. Na4 h4 20. Qd4 hxg3 21. hxg3 Rd6 22. Rc5 Ne4 23. Ra5 Bb5 24. Rxa7 Qg5 25. Nc3 Nxf2 26. Qf4 Qxf4 27. gxf4 Nd3 28. Rf1 Rxe3 29. a4 Nc5 30. axb5 Rxc3 31. bxc6 Rxc6 32. Bxd5 Rf6 33. Rc7 Ne4 34. Rxc3 Nxc3 35. Bc4 Kf8 36. Kg2 g5 37. fxg5 Rxf1 38. Kxf1 Ne4 39. Ke2 Ke7 40. Ke3 Nxg5 41. b4 Kd6 42. Kf4 Ne6+ 43. Bxe6 fxe6 44. Ke4 Kc6 45. Ke5 Kb5 46. Kxe6 Kxb4 1/2-1/2

[Event "Online Olympiad KO Stage 2021"]
[Site "chess.com INT"]
[Date "2021.09.15"]
[Round "3.2"]
[White "Daniil Dubov"]
[Black "Jeffery Xiong"]
[Result "1/2-1/2"]
[EventDate "?"]
[WhiteElo "2714"]
[BlackElo "2700"]
[PlyCount "94"]

1. d4 d5 2. Nf3 Nf6 3. c4 dxc4 4. e3 e6 5. Bxc4 c5 6. O-O a6 7. Qe2 b5 8. Bd3 Bb7 9. dxc5 Nc6 10. Rd1 Qc7 11. a4 b4 12. Nbd2 Bxc5 13. b3 Na5 14. Bb2 Qb6 15. Rac1 Nd5 16. Ne4 Nxb3 17. Nxc5 Nxc5 18. Bxg7 Rg8 19. Bd4 Nc3 20. Rxc3 bxc3 21. Bxh7 Rg4 22. h3 Rxd4 23. Rxd4 Rd8 24. Qc4 Bxf3 25. gxf3 Rxd4 26. Qxd4 a5 27. Qxc3 Nxa4 28. Qh8+ Ke7 29. Bc2 Nc5 30. h4 Nd7 31. h5 Qc5 32. Ba4 Nf6 33. h6 Qc4 34. h7 Qxa4 35. Qxf6+ Kxf6 36. h8=Q+ Ke7 37. Qe5 Qb4 38. Qc7+ Ke8 39. Qc8+ Ke7 40. Qc7+ Kf6 41. f4 a4 42. Qe5+ Ke7 43. Qc7+ Ke8 44. Qc8+ Ke7 45. Qc7+ Ke8 46. Qc8+ Ke7 47. Qc7+ 1/2-1/2

[Event "Online Olympiad KO Stage 2021"]
[Site "chess.com INT"]
[Date "2021.09.14"]
[Round "2.1"]
[White "Liren Ding"]
[Black "Daniil Dubov"]
[Result "1/2-1/2"]
[EventDate "?"]
[WhiteElo "2799"]
[BlackElo "2714"]
[PlyCount "74"]

1. Nf3 d5 2. d4 Nf6 3. c4 c6 4. e3 Bf5 5. Nc3 e6 6. Nh4 Bg6 7. Be2 Be7 8. O-O Nbd7 9. g3 dxc4 10. Bxc4 Bh5 11. Be2 Bxe2 12. Qxe2 Nd5 13. Nf3 Qa5 14. e4 Nxc3 15. bxc3 O-O 16. c4 Qh5 17. Rb1 b6 18. Kg2 e5 19. dxe5 Nxe5 20. Bb2 Nxf3 21. Qxf3 Qxf3+ 22. Kxf3 Rfd8 23. Rfd1 f6 24. e5 Kf7 25. Ke4 g6 26. g4 Ke6 27. exf6 Bxf6 28. Bxf6 Kxf6 29. f4 Re8+ 30. Kf3 Rad8 31. a4 h5 32. h3 hxg4+ 33. hxg4 Rh8 34. Kg3 Rhe8 35. Kf3 Rh8 36. Kg3 Rhe8 37. Kf3 1/2-1/2

[Event "Online Olympiad KO Stage 2021"]
[Site "chess.com INT"]
[Date "2021.09.14"]
[Round "2.2"]
[White "Daniil Dubov"]
[Black "Liren Ding"]
[Result "1-0"]
[EventDate "?"]
[WhiteElo "2714"]
[BlackElo "2799"]
[PlyCount "84"]

1. d4 Nf6 2. c4 e6 3. Nf3 d5 4. g3 Bb4+ 5. Bd2 Be7 6. Bg2 O-O 7. O-O c6 8. b3 Nbd7 9. Nc3 b6 10. Bf4 Ba6 11. Qd3 Rc8 12. Rac1 c5 13. Nb5 Bxb5 14. cxb5 h6 15. Rc2 Nh5 16. Bd2 Nhf6 17. Bf4 Nh5 18. Be3 Nhf6 19. Rfc1 Bd6 20. a4 Rc7 21. dxc5 bxc5 22. Qd1 Qb8 23. b4 c4 24. Nd4 Ne5 25. Bf4 Rfc8 26. e4 c3 27. exd5 Nxd5 28. Bxd5 exd5 29. Nf5 Rd7 30. Rxc3 Rxc3 31. Rxc3 Bxb4 32. Re3 f6 33. Bxe5 fxe5 34. Qg4 d4 35. Nxh6+ Kh7 36. Qf5+ Kxh6 37. Rxe5 Qxe5 38. Qxe5 Rd6 39. a5 Kh7 40. b6 axb6 41. a6 Rd8 42. a7 1-0

[Event "Online Olympiad KO Stage 2021"]
[Site "chess.com INT"]
[Date "2021.09.13"]
[Round "1.31"]
[White "Daniil Dubov"]
[Black "Viktor Erdos"]
[Result "0-1"]
[EventDate "?"]
[WhiteElo "2714"]
[BlackElo "2622"]
[PlyCount "64"]

1. Nf3 Nf6 2. c4 g6 3. Nc3 d5 4. cxd5 Nxd5 5. e4 Nxc3 6. bxc3 Bg7 7. Rb1 O-O 8. h4 h6 9. d4 c5 10. h5 g5 11. e5 cxd4 12. cxd4 Nc6 13. Be3 Qa5+ 14. Bd2 Qxa2 15. Bd3 Bg4 16. Qe2 Nxd4 17. Qe4 Bf5 18. Qxd4 Rfd8 19. Bxf5 Rxd4 20. Nxd4 Rd8 21. Nb3 e6 22. Be4 Bxe5 23. g4 a5 24. Bxa5 Rd4 25. Nxd4 Qxa5+ 26. Kf1 Bxd4 27. Kg2 Qd2 28. Rhf1 Qf4 29. Bf3 b6 30. Rfe1 Bc5 31. Rbd1 Kg7 32. Rd6 Bxd6 0-1

[Event "Online Olympiad KO Stage 2021"]
[Site "chess.com INT"]
[Date "2021.09.13"]
[Round "1.32"]
[White "Tamas Banusz"]
[Black "Daniil Dubov"]
[Result "1/2-1/2"]
[EventDate "?"]
[WhiteElo "2641"]
[BlackElo "2714"]
[PlyCount "142"]

1. d4 d5 2. Nf3 Nf6 3. g3 c5 4. Bg2 cxd4 5. O-O h6 6. b3 Nc6 7. Nxd4 e5 8. Nxc6 bxc6 9. c4 Be7 10. Bb2 e4 11. Nc3 O-O 12. cxd5 cxd5 13. Qd4 Be6 14. Rac1 Qd7 15. Na4 Rfc8 16. Rfd1 Bg4 17. f3 Bh3 18. fxe4 Bxg2 19. Kxg2 Rxc1 20. Rxc1 Qg4 21. exd5 Qxe2+ 22. Qf2 Qd3 23. Qf3 Qd2+ 24. Kh1 Qxd5 25. Qxd5 Nxd5 26. Kg2 Nb4 27. Rc7 Bf8 28. Bd4 Nxa2 29. Bxa7 Rd8 30. Rc2 Nb4 31. Rc4 Rd2+ 32. Kf3 Rd3+ 33. Ke2 Rxb3 34. Rc8 Na6 35. Nb6 Nc5 36. Nd5 Ne6 37. Nf4 Nxf4+ 38. gxf4 Rb5 39. Kf3 f5 40. Bd4 Kf7 41. Rc7+ Kg6 42. Rc6+ Kh5 43. Rc8 Rb3+ 44. Kg2 Bd6 45. Bxg7 Bxf4 46. Rc2 Rd3 47. Rf2 Be3 48. Ra2 Bg5 49. Be5 Re3 50. Bg3 f4 51. Bf2 Rb3 52. h3 f3+ 53. Kg3 Bh4+ 54. Kf4 Bg5+ 55. Ke4 Rc3 56. Ra5 Kg6 57. Ra6+ Kf7 58. h4 Bf6 59. Kf5 Be7 60. Kg4 h5+ 61. Kf4 Bd8 62. Ke4 Rb3 63. Rd6 Be7 64. Rd3 Rxd3 65. Kxd3 Ke6 66. Ke4 Bf6 67. Kxf3 Kf5 68. Be1 Be5 69. Bf2 Bf6 70. Be1 Be5 71. Bf2 Bf6 1/2-1/2

[Event "World Cup"]
[Site "Krasnaya Polyana (Sochi) RUS"]
[Date "2021.07.24"]
[Round "4.3"]
[White "Daniil Dubov"]
[Black "Andrey Esipenko"]
[Result "1/2-1/2"]
[EventDate "2021.07.12"]
[WhiteElo "2714"]
[BlackElo "2716"]
[PlyCount "74"]

1. d4 Nf6 2. c4 e6 3. Nf3 Bb4+ 4. Bd2 c5 5. Bxb4 cxb4 6. Nbd2 O-O 7. g3 b6 8. Bg2 Bb7 9. O-O d6 10. Re1 Re8 11. e4 e5 12. Qc2 Qc7 13. Rad1 a5 14. Nf1 Nbd7 15. Rc1 Rac8 16. Qb1 Qb8 17. N1d2 Nf8 18. a3 bxa3 19. bxa3 N8d7 20. Qb2 g6 21. Rb1 Qc7 22. c5 dxc5 23. dxe5 Ng4 24. Bh3 h5 25. Nc4 Rcd8 26. Bg2 Ndxe5 27. Nfxe5 Nxe5 28. Nxe5 Rxe5 29. Qxb6 Re7 30. Rec1 c4 31. e5 Bxg2 32. Kxg2 Rd3 33. e6 Qxb6 34. Rxb6 Rxe6 35. Rxe6 fxe6 36. Rxc4 Rxa3 37. Rc7 Kf8 1/2-1/2

[Event "World Cup"]
[Site "Krasnaya Polyana (Sochi) RUS"]
[Date "2021.07.24"]
[Round "4.4"]
[White "Andrey Esipenko"]
[Black "Daniil Dubov"]
[Result "1/2-1/2"]
[EventDate "2021.07.12"]
[WhiteElo "2716"]
[BlackElo "2714"]
[PlyCount "76"]

1. e4 e5 2. Nf3 Nc6 3. Bc4 Nf6 4. d3 Be7 5. O-O O-O 6. Nc3 d6 7. a3 Bg4 8. h3 Bxf3 9. Qxf3 Nd4 10. Qd1 c6 11. Ba2 Ne6 12. Ne2 d5 13. Ng3 g6 14. Re1 Qc7 15. c3 Rad8 16. Bh6 Rfe8 17. Qf3 Kh8 18. Rad1 Ng8 19. Bc1 Nf6 20. d4 exd4 21. cxd4 dxe4 22. Nxe4 Nxe4 23. Rxe4 Ng5 24. Bxg5 Bxg5 25. Rxe8+ Rxe8 26. Qxf7 Qxf7 27. Bxf7 Re2 28. b4 Kg7 29. Bb3 Rd2 30. Rxd2 Bxd2 31. d5 cxd5 32. Bxd5 b5 33. Bc6 Bc1 34. a4 bxa4 35. Bxa4 a6 36. Bd1 Bd2 37. Be2 Bxb4 38. Bxa6 1/2-1/2

[Event "World Cup"]
[Site "Krasnaya Polyana (Sochi) RUS"]
[Date "2021.07.24"]
[Round "4.6"]
[White "Daniil Dubov"]
[Black "Andrey Esipenko"]
[Result "1/2-1/2"]
[EventDate "2021.07.12"]
[WhiteElo "2714"]
[BlackElo "2716"]
[PlyCount "112"]

1. d4 Nf6 2. Nf3 e6 3. g3 b5 4. Bg2 Bb7 5. O-O c5 6. Bf4 cxd4 7. Nxd4 Bxg2 8. Kxg2 a6 9. a4 bxa4 10. Rxa4 Be7 11. Nc3 Qb6 12. e4 Qb7 13. Qf3 O-O 14. Rfa1 Rc8 15. e5 Qxf3+ 16. Kxf3 Ne8 17. Be3 Nc6 18. Nxc6 Rxc6 19. Rd1 d5 20. exd6 Nxd6 21. Rda1 Nc4 22. Bc1 Bf6 23. Ne4 Bxb2 24. Rxc4 Rxc4 25. Bxb2 Rxc2 26. Be5 a5 27. Ra4 f6 28. Bd4 e5 29. Be3 Rb2 30. Bc5 Rb5 31. g4 h5 32. h3 hxg4+ 33. hxg4 Rb3+ 34. Kg2 Rb5 35. Kg3 Rc8 36. Bd6 Rc6 37. Ra2 Rd5 38. Bb8 Rb5 39. Ba7 Ra6 40. Bc5 a4 41. f3 a3 42. Rxa3 Rxa3 43. Bxa3 Ra5 44. Bc5 Kf7 45. Bb4 Ra4 46. Bc3 Ra2 47. Nd6+ Ke6 48. Nf5 g6 49. Nh4 Ra3 50. Be1 g5 51. Nf5 e4 52. Kg2 Rxf3 53. Nd4+ Ke5 54. Nxf3+ exf3+ 55. Kxf3 f5 56. Bc3+ Ke6 1/2-1/2

[Event "World Cup"]
[Site "Krasnaya Polyana (Sochi) RUS"]
[Date "2021.07.23"]
[Round "4.2"]
[White "Daniil Dubov"]
[Black "Andrey Esipenko"]
[Result "1/2-1/2"]
[EventDate "2021.07.12"]
[WhiteElo "2714"]
[BlackElo "2716"]
[PlyCount "72"]

1. d4 Nf6 2. c4 e6 3. Nf3 a6 4. Nc3 d5 5. cxd5 exd5 6. Bg5 Be6 7. e3 Nbd7 8. Bd3 Bd6 9. Qc2 c6 10. Bf4 Qc7 11. Bxd6 Qxd6 12. h3 O-O 13. O-O g6 14. Rae1 Rfe8 15. Ng5 c5 16. Nxe6 Qxe6 17. dxc5 Nxc5 18. Rd1 Rac8 19. Qe2 Qb6 20. Bb1 Ne6 21. Rd2 d4 22. exd4 Nxd4 23. Qd1 Red8 24. Re1 Rd6 25. Re3 Rcd8 26. Red3 Qc5 27. a3 a5 28. Ba2 Nf5 29. Qb3 R8d7 30. Rxd6 Nxd6 31. Qa4 Kg7 32. Qf4 Nf5 33. Rxd7 Nxd7 34. Qe4 b6 35. Qc4 Qe7 36. Qe4 1/2-1/2

[Event "World Cup"]
[Site "Krasnaya Polyana (Sochi) RUS"]
[Date "2021.07.22"]
[Round "4.1"]
[White "Andrey Esipenko"]
[Black "Daniil Dubov"]
[Result "1/2-1/2"]
[EventDate "2021.07.12"]
[WhiteElo "2716"]
[BlackElo "2714"]
[PlyCount "180"]

1. e4 e5 2. Nf3 Nc6 3. Bc4 Nf6 4. d3 Be7 5. O-O O-O 6. Nc3 d6 7. a3 h6 8. Re1 Re8 9. h3 Be6 10. Bxe6 fxe6 11. Ne2 a5 12. a4 Rf8 13. Ng3 Qe8 14. c3 Nd7 15. Be3 Qg6 16. Qb3 Rab8 17. d4 Kh7 18. Kh2 exd4 19. cxd4 d5 20. exd5 exd5 21. Qxd5 Bd6 22. Nh4 Qf7 23. Qxf7 Rxf7 24. Kg1 b5 25. Rec1 Bxg3 26. fxg3 Ne7 27. Bf4 Nd5 28. Bxc7 Rb7 29. Be5 bxa4 30. Rxa4 Rxb2 31. Rxa5 N7b6 32. Ra3 Re2 33. Rf3 Ra7 34. Rf2 Rxf2 35. Kxf2 Ra2+ 36. Kg1 Nd7 37. Re1 g5 38. Nf3 Kg6 39. Bd6 N7f6 40. g4 Rc2 41. Be5 Ra2 42. Kf1 Nc3 43. Bxf6 Kxf6 44. Re5 Ra1+ 45. Kf2 Ra2+ 46. Ke3 Rxg2 47. Kd3 Nd1 48. d5 Rg3 49. Re6+ Kf7 50. Ke2 Nc3+ 51. Kf2 Rxh3 52. Ne5+ Kg7 53. d6 Rh2+ 54. Kf3 Rd2 55. d7 Nb5 56. Rg6+ Kf8 57. Rxh6 Ke7 58. Rh7+ Ke6 59. Rh8 Kxe5 60. Re8+ Kf6 61. d8=Q+ Rxd8 62. Rxd8 Ke5 63. Rg8 Nd4+ 64. Ke3 Nc2+ 65. Kd2 Nd4 66. Kd3 Ne6 67. Ke3 Kf6 68. Ke4 Nc5+ 69. Kd5 Nd7 70. Kd6 Ne5 71. Rf8+ Nf7+ 72. Kd5 Kg7 73. Ra8 Nh6 74. Ra4 Kf6 75. Rb4 Kf7 76. Ke5 Kg6 77. Ke6 Kg7 78. Rc4 Kg6 79. Re4 Kg7 80. Kd5 Kf6 81. Kd4 Nf7 82. Ke3 Nh6 83. Ra4 Kg6 84. Kf3 Kf6 85. Ra6+ Kg7 86. Ke4 Nxg4 87. Kf5 Nh6+ 88. Kxg5 Nf7+ 89. Kf5 Nh6+ 90. Rxh6 Kxh6 1/2-1/2

[Event "World Cup"]
[Site "Krasnaya Polyana (Sochi) RUS"]
[Date "2021.07.18"]
[Round "3.1"]
[White "Daniil Dubov"]
[Black "Vladimir Malakhov"]
[Result "1-0"]
[EventDate "2021.07.12"]
[WhiteElo "2714"]
[BlackElo "2666"]
[PlyCount "80"]

1. d4 d5 2. c4 c6 3. Nf3 Nf6 4. Nc3 a6 5. g3 dxc4 6. Bg2 g6 7. O-O Bg7 8. e4 O-O 9. Qe2 b5 10. a4 b4 11. Nd1 a5 12. Re1 Ba6 13. e5 Nd5 14. e6 f5 15. Ne5 Rf6 16. Nf7 Qc8 17. Ne3 Rxe6 18. Ng5 c3 19. Qc2 Rxe3 20. Bxe3 cxb2 21. Qxb2 Nd7 22. Rac1 N7b6 23. Qb3 Bb7 24. Bf4 Bf6 25. Ne6 Kh8 26. Bh6 Qg8 27. h4 Rb8 28. Rc5 Ra8 29. Ng5 Ra7 30. Rc2 Qe8 31. Re6 Bxd4 32. h5 Bf6 33. Rce2 Bxg5 34. Qb2+ Nc3 35. Bxg5 Nxa4 36. Qa1 Kg8 37. Re1 Ba6 38. Bxc6 Qd8 39. Bxa4 Qd5 40. Bc6 1-0

[Event "World Cup"]
[Site "Krasnaya Polyana (Sochi) RUS"]
[Date "2021.07.17"]
[Round "2.3"]
[White "Daniil Dubov"]
[Black "D Gukesh"]
[Result "1-0"]
[EventDate "2021.07.12"]
[WhiteElo "2714"]
[BlackElo "2578"]
[PlyCount "78"]

1. d4 Nf6 2. c4 e6 3. Nf3 d5 4. g3 Be7 5. Bg2 O-O 6. O-O dxc4 7. Qc2 a6 8. a4 Bd7 9. Qxc4 Bc6 10. Bg5 Nbd7 11. Nc3 a5 12. Rfd1 h6 13. Bxf6 Nxf6 14. Ne5 Bxg2 15. Kxg2 c6 16. e3 Bd6 17. Qe2 Qe7 18. Nc4 e5 19. d5 Bb4 20. e4 Qc5 21. Rac1 Bxc3 22. Rxc3 cxd5 23. Nxe5 Qb4 24. exd5 Qxa4 25. d6 Rad8 26. d7 Nxd7 27. b3 Qb4 28. Rcd3 Qb5 29. Qb2 Nxe5 30. Rxd8 Qc6+ 31. R8d5 Ng4 32. Qc1 Qe6 33. Qc2 g6 34. h3 Nf6 35. Rxa5 Rc8 36. Rc5 Re8 37. Qc4 Qb6 38. Qb5 Qa7 39. Rc7 1-0

[Event "World Cup"]
[Site "Krasnaya Polyana (Sochi) RUS"]
[Date "2021.07.17"]
[Round "2.4"]
[White "D Gukesh"]
[Black "Daniil Dubov"]
[Result "1/2-1/2"]
[EventDate "2021.07.12"]
[WhiteElo "2578"]
[BlackElo "2714"]
[PlyCount "140"]

1. d4 Nf6 2. Nf3 g6 3. Nc3 d5 4. Bf4 Bg7 5. Nb5 Na6 6. e3 O-O 7. h3 Ne4 8. Be2 c6 9. Na3 Nc7 10. O-O c5 11. Be5 c4 12. c3 b5 13. Nb1 a5 14. Nbd2 Nd6 15. b3 Bf5 16. a4 Rc8 17. Qc1 cxb3 18. Nxb3 b4 19. Nc5 bxc3 20. Qxc3 Ne6 21. Bxg7 Nxg7 22. Qa3 Ne4 23. Bb5 Qd6 24. Nxe4 Qxa3 25. Rxa3 Bxe4 26. Ne5 Rc7 27. g4 g5 28. f3 Bg6 29. Bc6 Rd8 30. Rc1 Ne6 31. Rac3 Kg7 32. Bb5 Rb7 33. Rc6 Rdb8 34. Rc8 Rxc8 35. Rxc8 Nc7 36. Bc6 Rb1+ 37. Kf2 Na6 38. Bxd5 Nb4 39. Be4 Rb2+ 40. Ke1 Bxe4 41. fxe4 f6 42. Nc4 Nd3+ 43. Kf1 Rc2 44. Nb6 Rf2+ 45. Kg1 Re2 46. Nd5 Re1+ 47. Kg2 Re2+ 48. Kf3 Rf2+ 49. Kg3 Re2 50. Rc7 Ne1 51. h4 Rg2+ 52. Kh3 h5 53. Nxf6 Kxf6 54. hxg5+ Kxg5 55. Rc5+ Kh6 56. Rxh5+ Kg6 57. Rxa5 Re2 58. Ra6+ Kg5 59. Ra5+ Kg6 60. Kg3 Rg2+ 61. Kh3 Re2 62. e5 Rxe3+ 63. Kh2 Kg5 64. Ra7 Nf3+ 65. Kg2 Nxd4 66. Rxe7 Kxg4 67. a5 Re2+ 68. Kf1 Ra2 69. e6 Nxe6 70. Rxe6 Rxa5 1/2-1/2

[Event "World Cup"]
[Site "Krasnaya Polyana (Sochi) RUS"]
[Date "2021.07.16"]
[Round "2.2"]
[White "Daniil Dubov"]
[Black "D Gukesh"]
[Result "1/2-1/2"]
[EventDate "2021.07.12"]
[WhiteElo "2714"]
[BlackElo "2578"]
[PlyCount "110"]

1. d4 Nf6 2. c4 e6 3. Nf3 d5 4. g3 Be7 5. Bg2 O-O 6. O-O dxc4 7. Qc2 a6 8. a4 Bd7 9. Qxc4 Bc6 10. Bg5 Nbd7 11. Nc3 h6 12. Bxf6 Nxf6 13. a5 Qd6 14. Rfd1 b5 15. axb6 cxb6 16. Qd3 Nd5 17. Nxd5 Bxd5 18. Rxa6 Be4 19. Qb5 Rxa6 20. Qxa6 Qb4 21. Ne5 Bxg2 22. Kxg2 Qxb2 23. Nc6 Bg5 24. Qd3 Qa2 25. Rb1 Qd5+ 26. Qf3 Qd6 27. Rxb6 Rc8 28. Qc3 Qd5+ 29. Qf3 Qd6 30. Qc3 Qd5+ 31. Kg1 Kh7 32. Qd3+ f5 33. Qf3 Qd6 34. d5 Qxd5 35. Qxd5 exd5 36. Nd4 f4 37. gxf4 Bxf4 38. Rb5 Rc1+ 39. Kg2 Rd1 40. Rxd5 Rd2 41. h4 g5 42. Kf3 Kg6 43. e3 Bc7 44. Rd7 Ba5 45. Rd6+ Kh5 46. Ra6 Bc3 47. Nf5 gxh4 48. Nxh6 Rd5 49. Ke4 Ra5 50. Rc6 Be1 51. Kf3 Rg5 52. e4 Rg6 53. Rxg6 Kxg6 54. Ng4 Kg5 55. Ne3 Bxf2 1/2-1/2

[Event "World Cup"]
[Site "Krasnaya Polyana (Sochi) RUS"]
[Date "2021.07.15"]
[Round "2.1"]
[White "D Gukesh"]
[Black "Daniil Dubov"]
[Result "1/2-1/2"]
[EventDate "2021.07.12"]
[WhiteElo "2578"]
[BlackElo "2714"]
[PlyCount "96"]

1. d4 Nf6 2. c4 g6 3. Nc3 d5 4. cxd5 Nxd5 5. e4 Nxc3 6. bxc3 Bg7 7. Bc4 c5 8. Ne2 Nc6 9. Be3 cxd4 10. cxd4 Qa5+ 11. Bd2 Qa3 12. O-O Bg4 13. f3 Bd7 14. Kh1 Rc8 15. Rc1 O-O 16. Rc3 Qb2 17. Rb3 Qxa2 18. Nc3 Qa5 19. Rxb7 Qd8 20. Bb5 a6 21. Bxa6 Nxd4 22. Nd5 Ra8 23. Bb4 Rxa6 24. Bxe7 Qc8 25. Bxf8 Kxf8 26. Qb1 Nc6 27. Rc7 Qd8 28. Qc1 Be5 29. Rb7 Kg7 30. Qc4 Ra3 31. f4 Ra1 32. Rbb1 Rxb1 33. Rxb1 Bd4 34. Nb4 Qb6 35. Rd1 Be6 36. Nd5 Qb7 37. Rc1 Bd7 38. h3 Qb2 39. Qc2 Qa3 40. Qd2 Qa5 41. Qd1 Qa7 42. e5 Qa3 43. e6 Bb2 44. Rc2 Bxe6 45. Rxc6 Bxd5 46. Qxd5 Qa1+ 47. Kh2 Bd4 48. Rc1 1/2-1/2

[Event "Goldmoney Asian Rapid"]
[Site "chess24.com INT"]
[Date "2021.06.28"]
[Round "11.8"]
[White "Jan-Krzysztof Duda"]
[Black "Daniil Dubov"]
[Result "1-0"]
[EventDate "2021.06.26"]
[WhiteElo "2729"]
[BlackElo "2714"]
[PlyCount "62"]

1. e4 e5 2. Nf3 Nc6 3. Bb5 a6 4. Ba4 Nf6 5. O-O Be7 6. d3 b5 7. Bb3 d6 8. a3 Bg4 9. Be3 d5 10. h3 Bxf3 11. Qxf3 dxe4 12. Qg3 exd3 13. Qxg7 Rf8 14. cxd3 Nd4 15. Bxd4 Qxd4 16. Nc3 Qxd3 17. Rfe1 Qg6 18. Qxg6 hxg6 19. Rxe5 Kd7 20. Rd1+ Bd6 21. Re3 Ne8 22. Ne4 Kc8 23. Bd5 Rb8 24. Bc6 Ng7 25. Nxd6+ cxd6 26. Re7 Rb6 27. Bd5 Kd8 28. Ra7 Ne6 29. Rc1 Re8 30. Rxf7 b4 31. axb4 1-0

[Event "Goldmoney Asian Rapid"]
[Site "chess24.com INT"]
[Date "2021.06.28"]
[Round "12.1"]
[White "Levon Aronian"]
[Black "Daniil Dubov"]
[Result "1-0"]
[EventDate "2021.06.26"]
[WhiteElo "2781"]
[BlackElo "2714"]
[PlyCount "86"]

1. d4 Nf6 2. c4 e6 3. Nf3 d5 4. Nc3 c6 5. e3 Nbd7 6. Qc2 Bd6 7. Bd3 O-O 8. O-O dxc4 9. Bxc4 a6 10. e4 e5 11. Rd1 Qc7 12. Bg5 exd4 13. Rxd4 Ne5 14. Bxf6 gxf6 15. Nxe5 Bxe5 16. Rd3 b5 17. Bb3 Bxh2+ 18. Kf1 Be5 19. Ne2 f5 20. f4 Bg7 21. e5 c5 22. Bd5 Rb8 23. Rc1 c4 24. b3 Qe7 25. bxc4 bxc4 26. Bxc4 Bb7 27. Rh3 Be4 28. Bd3 Rb4 29. a3 Bxd3 30. Qxd3 Re4 31. Qxa6 Rd8 32. Rc8 Bf8 33. Rg3+ Kh8 34. Rxd8 Qxd8 35. Rd3 Qh4 36. Qc8 Qh1+ 37. Kf2 Qh4+ 38. Rg3 Qh6 39. Qd8 Rc4 40. Rh3 Qg7 41. Nd4 Ra4 42. Nxf5 Qg8 43. Rxh7+ 1-0

[Event "Goldmoney Asian Rapid"]
[Site "chess24.com INT"]
[Date "2021.06.28"]
[Round "13.8"]
[White "Daniil Dubov"]
[Black "Vladislav Artemiev"]
[Result "1/2-1/2"]
[EventDate "2021.06.26"]
[WhiteElo "2714"]
[BlackElo "2704"]
[PlyCount "132"]

1. e4 e5 2. Nf3 Nc6 3. Bb5 Nf6 4. O-O d6 5. Bxc6+ bxc6 6. d4 exd4 7. Nxd4 c5 8. Ne2 Be7 9. Nbc3 O-O 10. Ng3 Re8 11. Bf4 Bb7 12. Re1 Nd7 13. Qd2 g6 14. Rad1 Bf6 15. Bh6 Ne5 16. Qe2 a5 17. Nd5 Bh8 18. h3 Bxd5 19. Rxd5 Qh4 20. Bc1 a4 21. Rdd1 Nc6 22. Qc4 Be5 23. Ne2 Bg7 24. Nf4 Bd4 25. Qe2 Ne7 26. Qf3 Qf6 27. Qg4 h5 28. Nxh5 Bxf2+ 29. Kf1 Qh4 30. Re2 Qxh5 31. Qxh5 gxh5 32. Rxf2 Ng6 33. Rd5 Rxe4 34. Rxh5 Rae8 35. Bd2 Rc4 36. Be1 Rd4 37. Rhf5 Rd1 38. Re2 Rb8 39. Kf2 d5 40. b3 a3 41. Rd2 Ra1 42. Rfxd5 c4 43. Rd8+ Rxd8 44. Rxd8+ Kh7 45. Ra8 Rxa2 46. Kg3 Rxc2 47. Rxa3 Re2 48. Ba5 Re3+ 49. Kf2 Rd3 50. Bxc7 cxb3 51. Ra6 Rd7 52. Bg3 Rb7 53. Ra1 b2 54. Rb1 Rb3 55. Bd6 f5 56. Ke2 Kh6 57. Kd2 Nh4 58. Kc2 Rb5 59. g3 Nf3 60. Rxb2 Rxb2+ 61. Kxb2 Ng1 62. g4 fxg4 63. hxg4 Kg5 64. Bc5 Nf3 65. Kc3 Kxg4 66. Bd4 Nxd4 1/2-1/2